000 00414nam a2200181Ia 4500
001 2659
005 20260306144823.0
008 260306t2018||||xx |||||||||||||| ||spa||
041 _aESP
082 _a201
_bH433
100 _aHegel, G W. F.
_eAUT
245 0 _aFilosofía de la religión
260 _c2018
300 _a373 páginas :
_c24 cm.
650 _aGEN
654 _aCHU
942 _cLIB
_dJUS
_fJUS
_2ddc
_n
999 _c2659
_d2659